| 000 | 00933nam a22002297a 4500 | ||
|---|---|---|---|
| 999 |
_c617 _d617 |
||
| 003 | AR-CdUCM | ||
| 008 | 190225b ||||| |||| 00| 0 spa d | ||
| 040 |
_aMUNICIPALIDAD PROVINCIAL DEL CUSCO _cBIBLIOTECA MUNICIPAL DEL CUSCO |
||
| 082 |
_a370.7 / _bO73 |
||
| 100 |
_aOrtecho Villena, Victor Julio _92407 |
||
| 245 | _aEl derecho a la educación / | ||
| 260 |
_aTrujillo : _bAmaru, _c1972. |
||
| 300 |
_a104 páginas ; _c21 cm. |
||
| 505 | _aEl Derecho a la educación -- La libertad en la enseñanza -- La libertad y la cultura -- La Realidad Cultural Nacional -- Rumbos y perspectivas de la educación peruana -- el analfabetismo -- La educación superior y las Universidades ... | ||
| 650 |
_aEducación superior _92408 |
||
| 650 |
_aEscuelas públicas _92409 |
||
| 650 |
_aAnalfabetismo _92410 |
||
| 650 |
_aRealidad Nacional _91454 |
||
| 650 |
_aClases sociales _92411 |
||
| 942 |
_2ddc _cLIBROS |
||
| 945 |
_araen _d2019-02-25 |
||